000 00279nam a2200121Ia 4500
008 190216s9999||||xx |||||||||||||| ||und||
100 _aMeade J E
245 0 _aGrowing Economy
260 _bGeorge Allel And Unwin Ltd
_c1968
300 _a512p
650 _aEconomics
942 _cBK
999 _c9344
_d9344